| 000 | 00410nam a2200121Ia 4500 | ||
|---|---|---|---|
| 008 | 170221s9999 xx 000 0 und d | ||
| 100 | _aTheodore T. Y. Chen | ||
| 245 | _aIs Reform in Accounting Education Needed in China and Russia: A Literature Review | ||
| 245 | _cTheodore T. Y. Chen | ||
| 260 | _c2013 | ||
| 650 | _xBusiness | ||
| 856 | _uhttp://ro.uow.edu.au/cgi/viewcontent.cgi?article=1598&context=aabfj | ||
| 999 |
_c309602 _d309602 |
||